000 00325cam a22001337a 4500
008 180718b1960 xxu||||| |||| 00| 0 eng d
082 _aB262 K238
100 _aKedourie, Elie
245 _aNationalism
_cby Elie Kedourie
260 _aLondon
_bHutchinson
_c1960
300 _a151p.
500 _a21/-
650 _aNationalism.
999 _c368821
_d368821